Perching Birds of Eastern North America - Statistics

General Stats
  • This quiz has been taken 150 times
  • The average score is 41 of 55
Answer Stats
Picture Answer % Correct
Blue Jay
98%
Northern Cardinal
95%
American Robin
94%
Eastern Bluebird
92%
Tufted titmouse
91%
European Starling
90%
Red-winged Blackbird
90%
Black-capped Chickadee
89%
Cedar Waxwing
88%
House finch
88%
White-breasted Nuthatch
88%
American Goldfinch
87%
American Crow
86%
Barn Swallow
84%
Brown-headed Cowbird
84%
Baltimore Oriole
83%
Common Grackle
83%
Yellow Warbler
82%
Brown Creeper
81%
Gray Catbird
79%
Indigo Bunting
79%
Song Sparrow
79%
Carolina Wren
77%
Chipping Sparrow
77%
Dark-eyed Junco
77%
House Wren
77%
Scarlet Tanager
77%
Northern Mockingbird
76%
Red-breasted Nuthatch
75%
Tree Swallow
75%
Yellow-rumped Warbler
75%
Brown Thrasher
73%
Purple Martin
72%
Eastern Kingbird
71%
Eastern Phoebe
71%
Hermit Thrush
71%
Golden-crowned Kinglet
70%
Horned Lark
70%
White-throated Sparrow
70%
Common Yellowthroat
68%
Magnolia Warbler
68%
Wood Thrush
68%
Northern Shrike
67%
American Redstart
66%
Palm Warbler
61%
Red-eyed Vireo
59%
Black-throated Blue Warbler
58%
Blue-gray Gnatcatcher
58%
Great Crested Flycatcher
58%
Pine Siskin
58%
Savannah Sparrow
58%
Black-throated Green Warbler
55%
American Tree Sparrow
54%
Common Redpoll
54%
Swainson's Thrush
52%
No matching quizzes found
Score Distribution
Percent of People with Each Score
Percentile by Number Answered
Your Score History
You have not taken this quiz